Normal view
MARC view
- BIOGRAPHY-ABDUL SATTAR EDHI
Entry Topical Term
001 - CONTROL NUMBER
- control field: 69354
003 - CONTROL NUMBER IDENTIFIER
- control field: NUST
005 - DATE AND TIME OF LATEST TRANSACTION
- control field: 20210628204223.0
008 - FIXED-LENGTH DATA ELEMENTS
- fixed length control field: 210628|| aca||aabn | a|a d
040 ## - CATALOGING SOURCE
- Original cataloging agency: NUST
- Transcribing agency: NUST
150 ## - HEADING--TOPICAL TERM
- Topical term or geographic name entry element: BIOGRAPHY-ABDUL SATTAR EDHI
670 ## - SOURCE DATA FOUND
- Source citation: Work cat.: (NUST): RIFFAT ABBAS 69353, ABDUL SATTAR EDHI , 1996
